<?xml version='1.0' encoding='UTF-8'?>
  <record xmlns="http://www.loc.gov/MARC21/slim">
    <leader>00000cam a2200000 a 4500</leader>
    <controlfield tag="001">ocm17253210</controlfield>
    <controlfield tag="003">OCoLC</controlfield>
    <controlfield tag="005">20250528130845.4</controlfield>
    <controlfield tag="008">871217s1880    ne       b    000 0 dut d</controlfield>
    <datafield tag="040" ind1=" " ind2=" ">
      <subfield code="a">KSB</subfield>
      <subfield code="b">eng</subfield>
      <subfield code="c">KSB</subfield>
      <subfield code="d">OCLCG</subfield>
      <subfield code="d">OCLCQ</subfield>
      <subfield code="d">OCLCO</subfield>
      <subfield code="d">OCLCF</subfield>
      <subfield code="d">OCLCQ</subfield>
      <subfield code="d">OCL</subfield>
      <subfield code="d">OCLCO</subfield>
      <subfield code="d">OCLCQ</subfield>
      <subfield code="d">OCLCL</subfield>
    </datafield>
    <datafield tag="029" ind1="1" ind2=" ">
      <subfield code="a">NLGGC</subfield>
      <subfield code="b">102622205</subfield>
    </datafield>
    <datafield tag="029" ind1="1" ind2=" ">
      <subfield code="a">NLGGC</subfield>
      <subfield code="b">18455389X</subfield>
    </datafield>
    <datafield tag="035" ind1=" " ind2=" ">
      <subfield code="a">(OCoLC)17253210</subfield>
    </datafield>
    <datafield tag="041" ind1="1" ind2=" ">
      <subfield code="a">dut</subfield>
      <subfield code="h">ger</subfield>
    </datafield>
    <datafield tag="082" ind1="0" ind2="4">
      <subfield code="a">270.1</subfield>
      <subfield code="b">Uh6s</subfield>
      <subfield code="1">https://id.oclc.org/worldcat/ddc/E3JjQwXfGYTPRbwYv8bVkRGvmM</subfield>
    </datafield>
    <datafield tag="100" ind1="1" ind2=" ">
      <subfield code="a">Uhlhorn, Gerhard,</subfield>
      <subfield code="d">1826-1901.</subfield>
      <subfield code="1">https://id.oclc.org/worldcat/entity/E39PBJgmTCDTPj9tJQfb78YVmd</subfield>
    </datafield>
    <datafield tag="245" ind1="1" ind2="0">
      <subfield code="a">Strijd en overwinning :</subfield>
      <subfield code="b">tafereelen uit de geschiedenis der christelijke kerk in de eerste eeuwen van haar bestaan /</subfield>
      <subfield code="c">naar het Hoogduitsch van G. Uhlhorn, door T. Kuiper.</subfield>
    </datafield>
    <datafield tag="260" ind1=" " ind2=" ">
      <subfield code="a">Haarlem :</subfield>
      <subfield code="b">H.D. Tjeenk Willink,</subfield>
      <subfield code="c">1880.</subfield>
    </datafield>
    <datafield tag="300" ind1=" " ind2=" ">
      <subfield code="a">viii, 380 pages ;</subfield>
      <subfield code="c">20 cm</subfield>
    </datafield>
    <datafield tag="336" ind1=" " ind2=" ">
      <subfield code="a">text</subfield>
      <subfield code="b">txt</subfield>
      <subfield code="2">rdacontent</subfield>
    </datafield>
    <datafield tag="337" ind1=" " ind2=" ">
      <subfield code="a">unmediated</subfield>
      <subfield code="b">n</subfield>
      <subfield code="2">rdamedia</subfield>
    </datafield>
    <datafield tag="338" ind1=" " ind2=" ">
      <subfield code="a">volume</subfield>
      <subfield code="b">nc</subfield>
      <subfield code="2">rdacarrier</subfield>
    </datafield>
    <datafield tag="504" ind1=" " ind2=" ">
      <subfield code="a">Includes bibliographical references.</subfield>
    </datafield>
    <datafield tag="650" ind1=" " ind2="0">
      <subfield code="a">Church history</subfield>
      <subfield code="y">Primitive and early church, ca. 30-600.</subfield>
    </datafield>
    <datafield tag="650" ind1=" " ind2="6">
      <subfield code="a">Église</subfield>
      <subfield code="x">Histoire</subfield>
      <subfield code="y">ca 30-600 (Église primitive)</subfield>
    </datafield>
    <datafield tag="650" ind1=" " ind2="7">
      <subfield code="a">Church history</subfield>
      <subfield code="x">Primitive and early church.</subfield>
      <subfield code="2">fast</subfield>
      <subfield code="0">(OCoLC)fst01710945</subfield>
    </datafield>
    <datafield tag="648" ind1=" " ind2="7">
      <subfield code="a">30-600</subfield>
      <subfield code="2">fast</subfield>
    </datafield>
    <datafield tag="700" ind1="1" ind2=" ">
      <subfield code="a">Kuiper, T.</subfield>
      <subfield code="q">(Taco),</subfield>
      <subfield code="d">1824-1906.</subfield>
    </datafield>
    <datafield tag="758" ind1=" " ind2=" ">
      <subfield code="i">has work:</subfield>
      <subfield code="a">Strijd en overwinning (Text)</subfield>
      <subfield code="1">https://id.oclc.org/worldcat/entity/E39PCGhfXFyRC4whHHHjhBb883</subfield>
      <subfield code="4">https://id.oclc.org/worldcat/ontology/hasWork</subfield>
    </datafield>
    <datafield tag="776" ind1="0" ind2="8">
      <subfield code="i">Online version:</subfield>
      <subfield code="a">Uhlhorn, Gerhard, 1826-1901.</subfield>
      <subfield code="t">Strijd en overwinning.</subfield>
      <subfield code="d">Haarlem : H.D. Tjeenk Willink, 1880</subfield>
      <subfield code="w">(OCoLC)902701001</subfield>
    </datafield>
  </record>